Metódy vyhodnocovania v socialistických výskumoch rozvoja kultúrnej úrovne

Enregistré dans:
Détails bibliographiques
Auteur principal: Šalát, Marián
Format: Livre
Langue:slovaque
Publié: Bratislava Výskumný ústav kultúry 1984
Tags: Ajouter un tag
Pas de tags, Soyez le premier à ajouter un tag!

MARC

LEADER 00000nam a2200000 4500
001 c104912
005 20041019155133.4
041 0 |a slo 
044 |a SK 
245 1 0 |a Metódy vyhodnocovania v socialistických výskumoch rozvoja kultúrnej úrovne  |c Marián Šalát 
264 1 |a Bratislava  |b Výskumný ústav kultúry  |c 1984 
300 |a 60 s. 
100 1 |a Šalát, Marián